Khai thác tinh dầu làm thuốc và xuất khẩu

Gardado en:
Detalles Bibliográficos
Autor Principal: Nguyễn, Khang
Formato: Libro
Idioma:Undetermined
Publicado: Hà Nội Y học 2001
Các nhãn: Engadir etiqueta
Sen Etiquetas, Sexa o primeiro en etiquetar este rexistro!
Thư viện lưu trữ: Trung tâm Học liệu Trường Đại học Cần Thơ
LEADER 00475nam a2200157Ia 4500
001 CTU_49965
008 210402s9999 xx 000 0 und d
082 |a 661.806 
082 |b Kh106 
100 |a Nguyễn, Khang 
245 0 |a Khai thác tinh dầu làm thuốc và xuất khẩu 
245 0 |c Nguyễn Khang, Phạm Văn Khiển 
260 |a Hà Nội 
260 |b Y học 
260 |c 2001 
980 |a Trung tâm Học liệu Trường Đại học Cần Thơ